<?xml version="1.0" encoding="UTF-8"?>
<record
    xmlns:xsi="http://www.w3.org/2001/XMLSchema-instance"
    xsi:schemaLocation="http://www.loc.gov/MARC21/slim http://www.loc.gov/standards/marcxml/schema/MARC21slim.xsd"
    xmlns="http://www.loc.gov/MARC21/slim">

  <leader>03020nam a22002657a 4500</leader>
  <controlfield tag="003">NALT</controlfield>
  <controlfield tag="005">20251121155918.0</controlfield>
  <controlfield tag="008">250922b        th ||||| |||| 00| 0 tha d</controlfield>
  <datafield tag="020" ind1=" " ind2=" ">
    <subfield code="a">9786166091076</subfield>
  </datafield>
  <datafield tag="040" ind1=" " ind2=" ">
    <subfield code="a">NALT</subfield>
  </datafield>
  <datafield tag="100" ind1="0" ind2=" ">
    <subfield code="a">&#xE27;&#xE23;&#xE18;&#xE13;&#xE31;&#xE17; &#xE18;&#xE31;&#xE0D;&#xE0D;&#xE2B;&#xE32;&#xE0D;.</subfield>
    <subfield code="9">67057</subfield>
  </datafield>
  <datafield tag="245" ind1="1" ind2="0">
    <subfield code="a">12 &#xE40;&#xE04;&#xE23;&#xE37;&#xE48;&#xE2D;&#xE07;&#xE21;&#xE37;&#xE2D; AI &#xE2D;&#xE31;&#xE08;&#xE09;&#xE23;&#xE34;&#xE22;&#xE30; &#xE0A;&#xE48;&#xE27;&#xE22;&#xE04;&#xE38;&#xE13;&#xE17;&#xE33;&#xE07;&#xE32;&#xE19;&#xE44;&#xE27;&#xE02;&#xE36;&#xE49;&#xE19; 10 &#xE40;&#xE17;&#xE48;&#xE32; /</subfield>
    <subfield code="c">&#xE1C;&#xE39;&#xE49;&#xE40;&#xE02;&#xE35;&#xE22;&#xE19;, &#xE27;&#xE23;&#xE18;&#xE13;&#xE31;&#xE17; &#xE18;&#xE31;&#xE0D;&#xE0D;&#xE2B;&#xE32;&#xE0D; ; &#xE1A;&#xE23;&#xE23;&#xE13;&#xE32;&#xE18;&#xE34;&#xE01;&#xE32;&#xE23;, &#xE2A;&#xE2B;&#xE27;&#xE31;&#xE2A;&#xE2A;&#xE4C; &#xE40;&#xE09;&#xE25;&#xE34;&#xE21;&#xE0A;&#xE31;&#xE22;&#xE27;&#xE31;&#xE12;&#xE19;&#xE4C;.</subfield>
    <subfield code="h">[electronic resource]</subfield>
  </datafield>
  <datafield tag="260" ind1=" " ind2=" ">
    <subfield code="a">&#xE01;&#xE23;&#xE38;&#xE07;&#xE40;&#xE17;&#xE1E;&#xE2F; :</subfield>
    <subfield code="b">&#xE40;&#xE0A;&#xE47;&#xE01;,</subfield>
    <subfield code="c">2568.</subfield>
  </datafield>
  <datafield tag="300" ind1=" " ind2=" ">
    <subfield code="a">Online resource</subfield>
  </datafield>
  <datafield tag="505" ind1="0" ind2=" ">
    <subfield code="a">&#xE1A;&#xE17;&#xE19;&#xE33; -- &#xE23;&#xE39;&#xE49;&#xE08;&#xE31;&#xE01;&#xE01;&#xE31;&#xE1A; GPT &#xE40;&#xE04;&#xE23;&#xE37;&#xE48;&#xE2D;&#xE07;&#xE21;&#xE37;&#xE2D;&#xE17;&#xE35;&#xE48;&#xE08;&#xE30;&#xE17;&#xE33;&#xE43;&#xE2B;&#xE49;&#xE01;&#xE32;&#xE23;&#xE43;&#xE0A;&#xE49; AI &#xE40;&#xE1B;&#xE47;&#xE19;&#xE40;&#xE23;&#xE37;&#xE48;&#xE2D;&#xE07;&#xE07;&#xE48;&#xE32;&#xE22; -- &#xE40;&#xE23;&#xE34;&#xE48;&#xE21;&#xE15;&#xE49;&#xE19; &#xE43;&#xE0A;&#xE49;&#xE07;&#xE32;&#xE19; GPT -- &#xE40;&#xE04;&#xE23;&#xE37;&#xE48;&#xE2D;&#xE07;&#xE21;&#xE37;&#xE2D;&#xE17;&#xE35;&#xE48; 1 &#xE43;&#xE0A;&#xE49; AI &#xE2A;&#xE23;&#xE38;&#xE1B;&#xE41;&#xE25;&#xE30;&#xE27;&#xE34;&#xE40;&#xE04;&#xE23;&#xE32;&#xE30;&#xE2B;&#xE4C;&#xE40;&#xE19;&#xE37;&#xE49;&#xE2D;&#xE2B;&#xE32;&#xE08;&#xE32;&#xE01; File &#xE02;&#xE2D;&#xE07;&#xE40;&#xE23;&#xE32; -- &#xE40;&#xE04;&#xE23;&#xE37;&#xE48;&#xE2D;&#xE07;&#xE21;&#xE37;&#xE2D;&#xE17;&#xE35;&#xE48; 2 &#xE16;&#xE2D;&#xE14; File Video &#xE2B;&#xE23;&#xE37;&#xE2D;&#xE40;&#xE2A;&#xE35;&#xE22;&#xE07; &#xE40;&#xE1B;&#xE47;&#xE19;&#xE15;&#xE31;&#xE27;&#xE2D;&#xE31;&#xE01;&#xE29;&#xE23; -- &#xE40;&#xE04;&#xE23;&#xE37;&#xE48;&#xE2D;&#xE07;&#xE21;&#xE37;&#xE2D;&#xE17;&#xE35;&#xE48; 3 &#xE01;&#xE32;&#xE23;&#xE1D;&#xE36;&#xE01;&#xE20;&#xE32;&#xE29;&#xE32;&#xE01;&#xE31;&#xE1A; AI -- &#xE40;&#xE04;&#xE23;&#xE37;&#xE48;&#xE2D;&#xE07;&#xE21;&#xE37;&#xE2D;&#xE17;&#xE35;&#xE48; 4 &#xE01;&#xE32;&#xE23;&#xE17;&#xE33; Flowchart -- &#xE40;&#xE04;&#xE23;&#xE37;&#xE48;&#xE2D;&#xE07;&#xE21;&#xE37;&#xE2D;&#xE17;&#xE35;&#xE48; 5 &#xE01;&#xE32;&#xE23;&#xE40;&#xE02;&#xE35;&#xE22;&#xE19; Mind Map -- &#xE40;&#xE04;&#xE23;&#xE37;&#xE48;&#xE2D;&#xE07;&#xE21;&#xE37;&#xE2D;&#xE17;&#xE35;&#xE48; 6 &#xE43;&#xE0A;&#xE49;AI &#xE0A;&#xE48;&#xE27;&#xE22;&#xE41;&#xE01;&#xE49;&#xE44;&#xE02;&#xE17;&#xE38;&#xE01;&#xE1B;&#xE31;&#xE0D;&#xE2B;&#xE32; Excel -- &#xE40;&#xE04;&#xE23;&#xE37;&#xE48;&#xE2D;&#xE07;&#xE21;&#xE37;&#xE2D;&#xE17;&#xE35;&#xE48; 7 &#xE01;&#xE32;&#xE23;&#xE40;&#xE02;&#xE35;&#xE22;&#xE19;&#xE2D;&#xE35;&#xE40;&#xE21;&#xE25; -- &#xE40;&#xE04;&#xE23;&#xE37;&#xE48;&#xE2D;&#xE07;&#xE21;&#xE37;&#xE2D;&#xE17;&#xE35;&#xE48; 8 &#xE01;&#xE32;&#xE23;&#xE27;&#xE32;&#xE07;&#xE41;&#xE1C;&#xE19;&#xE19;&#xE33;&#xE40;&#xE2A;&#xE19;&#xE2D;&#xE14;&#xE49;&#xE27;&#xE22; AI -- &#xE40;&#xE04;&#xE23;&#xE37;&#xE48;&#xE2D;&#xE07;&#xE21;&#xE37;&#xE2D;&#xE17;&#xE35;&#xE48; 9 AI &#xE0A;&#xE48;&#xE27;&#xE22;&#xE01;&#xE32;&#xE23;&#xE27;&#xE32;&#xE07;&#xE41;&#xE1C;&#xE19;&#xE41;&#xE01;&#xE49;&#xE1B;&#xE31;&#xE0D;&#xE2B;&#xE32; -- &#xE40;&#xE04;&#xE23;&#xE37;&#xE48;&#xE2D;&#xE07;&#xE21;&#xE37;&#xE2D;&#xE17;&#xE35;&#xE48; 10 AI &#xE0A;&#xE48;&#xE27;&#xE22;&#xE2A;&#xE23;&#xE49;&#xE32;&#xE07;&#xE07;&#xE32;&#xE19;&#xE40;&#xE02;&#xE35;&#xE22;&#xE19;&#xE20;&#xE32;&#xE29;&#xE32;&#xE44;&#xE17;&#xE22; -- &#xE40;&#xE04;&#xE23;&#xE37;&#xE48;&#xE2D;&#xE07;&#xE21;&#xE37;&#xE2D;&#xE17;&#xE35;&#xE48; 11 &#xE43;&#xE0A;&#xE49; AI &#xE2A;&#xE23;&#xE49;&#xE32;&#xE07;&#xE20;&#xE32;&#xE1E;&#xE2A;&#xE27;&#xE22;&#xE46; -- &#xE40;&#xE04;&#xE23;&#xE37;&#xE48;&#xE2D;&#xE07;&#xE21;&#xE37;&#xE2D;&#xE17;&#xE35;&#xE48; 12 AI &#xE0A;&#xE48;&#xE27;&#xE22;&#xE2A;&#xE23;&#xE49;&#xE32;&#xE07;&#xE44;&#xE2D;&#xE40;&#xE14;&#xE35;&#xE22;&#xE43;&#xE2B;&#xE21;&#xE48;&#xE46; -- &#xE27;&#xE34;&#xE18;&#xE35;&#xE01;&#xE32;&#xE23;&#xE2B;&#xE32; GPT &#xE2D;&#xE37;&#xE48;&#xE19;&#xE46; &#xE15;&#xE32;&#xE21;&#xE04;&#xE27;&#xE32;&#xE21;&#xE2A;&#xE19;&#xE43;&#xE08;&#xE02;&#xE2D;&#xE07;&#xE04;&#xE38;&#xE13; -- &#xE27;&#xE34;&#xE18;&#xE35;&#xE01;&#xE32;&#xE23;&#xE43;&#xE0A;&#xE49;&#xE07;&#xE32;&#xE19; &#xE17;&#xE38;&#xE01; GPT &#xE43;&#xE2B;&#xE49;&#xE40;&#xE1B;&#xE47;&#xE19;&#xE40;&#xE23;&#xE47;&#xE27; -- &#xE1A;&#xE17;&#xE2A;&#xE48;&#xE07;&#xE17;&#xE49;&#xE32;&#xE22;.</subfield>
  </datafield>
  <datafield tag="650" ind1=" " ind2="4">
    <subfield code="a">&#xE1B;&#xE31;&#xE0D;&#xE0D;&#xE32;&#xE1B;&#xE23;&#xE30;&#xE14;&#xE34;&#xE29;&#xE10;&#xE4C;</subfield>
    <subfield code="9">30014</subfield>
  </datafield>
  <datafield tag="650" ind1=" " ind2="4">
    <subfield code="a">&#xE19;&#xE27;&#xE31;&#xE15;&#xE01;&#xE23;&#xE23;&#xE21;&#xE17;&#xE32;&#xE07;&#xE40;&#xE17;&#xE04;&#xE42;&#xE19;&#xE42;&#xE25;&#xE22;&#xE35;</subfield>
    <subfield code="9">10581</subfield>
  </datafield>
  <datafield tag="650" ind1=" " ind2="4">
    <subfield code="a">&#xE18;&#xE38;&#xE23;&#xE01;&#xE34;&#xE08; </subfield>
    <subfield code="x">&#xE01;&#xE32;&#xE23;&#xE1B;&#xE23;&#xE30;&#xE21;&#xE27;&#xE25;&#xE1C;&#xE25;&#xE02;&#xE49;&#xE2D;&#xE21;&#xE39;&#xE25;</subfield>
    <subfield code="9">53469</subfield>
  </datafield>
  <datafield tag="650" ind1=" " ind2="4">
    <subfield code="a">&#xE40;&#xE17;&#xE04;&#xE42;&#xE19;&#xE42;&#xE25;&#xE22;&#xE35;</subfield>
    <subfield code="x">&#xE04;&#xE39;&#xE48;&#xE21;&#xE37;&#xE2D;</subfield>
    <subfield code="9">67054</subfield>
  </datafield>
  <datafield tag="700" ind1="0" ind2=" ">
    <subfield code="a">&#xE2A;&#xE2B;&#xE27;&#xE31;&#xE2A;&#xE2A;&#xE4C; &#xE40;&#xE09;&#xE25;&#xE34;&#xE21;&#xE0A;&#xE31;&#xE22;&#xE27;&#xE31;&#xE12;&#xE19;&#xE4C;.</subfield>
    <subfield code="9">62119</subfield>
  </datafield>
  <datafield tag="850" ind1=" " ind2=" ">
    <subfield code="a">NALT</subfield>
  </datafield>
  <datafield tag="856" ind1="4" ind2="0">
    <subfield code="u">https://ebook.parliament.go.th/ebookall/detail/438293</subfield>
    <subfield code="z">E-Book</subfield>
  </datafield>
  <datafield tag="942" ind1=" " ind2=" ">
    <subfield code="c">EBK</subfield>
    <subfield code="2">lcc</subfield>
  </datafield>
  <datafield tag="996" ind1=" " ind2=" ">
    <subfield code="a">bkk407106</subfield>
    <subfield code="b">LIBSTF</subfield>
    <subfield code="c">2025-11-21</subfield>
  </datafield>
  <datafield tag="999" ind1=" " ind2=" ">
    <subfield code="c">107220</subfield>
    <subfield code="d">107220</subfield>
  </datafield>
  <datafield tag="998" ind1=" " ind2=" ">
    <subfield code="j">9103</subfield>
    <subfield code="k"> &#xE27;&#xE23;&#xE34;&#xE19;&#xE17;&#xE23;&#xE4C;&#xE14;&#xE32; &#xE2D;&#xE34;&#xE19;&#xE16;&#xE19;&#xE2D;&#xE21;</subfield>
  </datafield>
  <datafield tag="952" ind1=" " ind2=" ">
    <subfield code="0">0</subfield>
    <subfield code="1">0</subfield>
    <subfield code="2">lcc</subfield>
    <subfield code="4">0</subfield>
    <subfield code="7">0</subfield>
    <subfield code="8">CERS</subfield>
    <subfield code="a">NALT</subfield>
    <subfield code="b">NALT</subfield>
    <subfield code="c">ONLINE</subfield>
    <subfield code="d">2025-09-26</subfield>
    <subfield code="e">191</subfield>
    <subfield code="r">2025-09-26 00:00:00</subfield>
    <subfield code="t">1</subfield>
    <subfield code="y">EBK</subfield>
  </datafield>
</record>
